| 000 | 01112nam a2200277 i 4500 | ||
|---|---|---|---|
| 001 | 187647 | ||
| 003 | ES-MaACL | ||
| 005 | 20231215121354.0 | ||
| 008 | 171214s2016 sp |||| |bspa d | ||
| 020 | _a978-84-15245-50-6 | ||
| 080 | _a75(4) | ||
| 100 | 0 |
_aMilicua, José. _981113 |
|
| 245 | 1 | 0 |
_aOjo crítico y memoria visual _b: escritos de arte / _cJosé Milicua ; textos reunidos por Artur Ramon ; ensayos de Artur Ramon, M. Rosa Vives, Ferdinando Bologna ... [et al.]. |
| 260 |
_aMadrid : _bCentro de Estudios Europa Hispánica, _c2016. |
||
| 300 |
_a523 p. : _bil. col. y n. ; _c25 cm. |
||
| 490 | 1 | _aConfluencias | |
| 504 | _aBibliografía: p. 495 -500. Índice. | ||
| 600 | 0 | 4 |
_aMilicua, José. _981113 |
| 650 | 4 |
_aPintura española- _xInfluencia europea. _9161998 |
|
| 700 | 1 |
_aRamon i Navarro, Artur. _9163924 |
|
| 830 | 0 |
_aConfluencias _9225593 |
|
| 852 |
_aES-MaACL _jA-14145 _9194734 _bR.151384 _cDEPO1 _dOlim: N-7145 _hDonación: Centro de Estudios Europa Hispánica |
||
| 914 |
_9137568 _aCentro de Estudios Europa Hispánica _ednr |
||
| 942 |
_2udc _cMONOGRAFIA |
||
| 999 |
_c187647 _d187647 |
||